Andy Warhol Prints (Record no. 12581)

MARC details
000 - LÍDER
campo de control de longitud fija 01162nam a2200265Ia 4500
008 - ELEMENTOS DE DATOS DE LONGITUD FIJA - INFORMACIÓN GENERAL
campo de control de longitud fija 0000002003 usad 0000000000eng00
090 ## - NÚMERO DE LLAMADA DE TIPO LC LOCALMENTE ASIGNADO (OCLC)
Número de clasificación (OCLC) (R) PUS00 F24a
100 1# - ENTRADA PRINCIPAL - NOMBRE PERSONAL
Nombre de la persona Feldman, Frayda
245 10 - TÍTULO DECLARACIÓN
Título Andy Warhol Prints
Resto del título : a catalogue raisonné 19621987
Declaración de responsabilidad / Frayda Feldman and Jorg Schellmann
250 ## - DECLARACIÓN DE EDICIÓN
Sentencia de edición 4th ed.
260 ## - PUBLICACIÓN, DISTRIBUCIÓN
Lugar de publicación New York : Distributed Art Publishers, Ronald Feldman Fine Arts (D.A.P)
Fecha de publicación 2003
300 ## - DESCRIPCIÓN FÍSICA
Alcance 383 p.
Dimensiones / 29 cm.
500 ## - NOTA GENERAL
Nota general Proyecto Ganador Programa Apoyos Concertados FGAA 2010
501 ## - Con nota
Con nota Warhol and the politics of prints / by Arthur C. Danto God is in the details: the prints of Andy Warhol / Donna de Salvo Early printmaking Published prints Unpublished prints The genesis of Andy Warhol's
600 00 - ENTRADA DE SUJETO AÑADIDO - NOMBRE PERSONAL
Nombre de la persona WARHOL, ANDY, 19281987/
Subdivisión general TRABAJOS PICTORICOS
650 14 - ENTRADA DE SUJETO AÑADIDO - TÉRMINO TÓPICO
Término tópico o elemento de entrada del nombre geográfico ARTE CONTEMPORANEO ESTADOUNIDENSE
650 14 - ENTRADA DE SUJETO AÑADIDO - TÉRMINO TÓPICO
Término tópico o elemento de entrada del nombre geográfico ARTE POP ESTADOUNIDENSE
650 14 - ENTRADA DE SUJETO AÑADIDO - TÉRMINO TÓPICO
Término tópico o elemento de entrada del nombre geográfico ARTISTAS PLASTICOS ESTADOUNIDENSES
650 14 - ENTRADA DE SUJETO AÑADIDO - TÉRMINO TÓPICO
Subdivisión general CATALOGOS
650 14 - ENTRADA DE SUJETO AÑADIDO - TÉRMINO TÓPICO
Término tópico o elemento de entrada del nombre geográfico DIBUJOS ESTADOUNIDENSES
650 14 - ENTRADA DE SUJETO AÑADIDO - TÉRMINO TÓPICO
Término tópico o elemento de entrada del nombre geográfico ILUSTRACIONES DE LIBROS
650 14 - ENTRADA DE SUJETO AÑADIDO - TÉRMINO TÓPICO
Término tópico o elemento de entrada del nombre geográfico PINTURA ESTADOUNIDENSE
650 14 - ENTRADA DE SUJETO AÑADIDO - TÉRMINO TÓPICO
Término tópico o elemento de entrada del nombre geográfico PINTURA ESTADOUNIDENSE
700 1# - ENTRADA AGREGADA - NOMBRE PERSONAL
Nombre de la persona Schellmann, Jorg
Holdings
Estado de retirada Pérdida de estatus Estado dañado No para préstamo Código de recogida Ubicación permanente Ubicación actual Ubicación de las estanterías Fecha de adquisición Número de llamada completo Código de barras Fecha de la última vez que se vio Número de copia Precio efectivo desde Tipo de artículo Koha
        General ArtNexus ArtNexus General 06/09/2022 P-US-00 F24A 12737 06/09/2022 Ej.1 06/09/2022 Libro

Powered by Koha